| 000 | 01157nam a22002537a 4500 | ||
|---|---|---|---|
| 999 |
_c18144 _d18144 |
||
| 003 | AR-CdUCM | ||
| 008 | 190513b ||||| |||| 00| 0 spa d | ||
| 040 |
_aMUNICIPALIDAD PROVINCIAL DEL CUSCO _cBIBLIOTECA MUNICIPAL DEL CUSCO |
||
| 041 | _heng | ||
| 082 |
_22ed. _a301 / _bG97 |
||
| 100 |
_aGurvitch, Georges _96800 |
||
| 245 | _aSociología del siglo XX / | ||
| 260 |
_aBarcelona : _bEl Ateneo, _c1964. |
||
| 300 |
_a2 tomos ; _bcuadros, _c24 cm. |
||
| 505 | _aContenido: t.1: Sociología y ciencias sociales -- Los métodos de investigación en sociología -- La situación actual y las perspectivas futuras de la teoría sociológica sistemática -- Sociología interpretativa y tipología constructiva -- Dinámica sociocultural y evolucionismo -- t.2: La sociología francesa -- La sociología norteamericana -- la sociología británica... | ||
| 650 |
_aSociología _9276 |
||
| 650 |
_aSiglo XX _98 |
||
| 650 |
_aPsicología _91538 |
||
| 700 |
_aMoore, Wilbert E. (coautor) _938554 |
||
| 700 |
_aDimitriu, Constantino (traducción) _920323 |
||
| 700 |
_aPoviña, Alfredo (prólogo) _938555 |
||
| 942 |
_2ddc _cLIBROS |
||
| 945 |
_aachl _d2019-05-13 |
||